Στις πηγές της κακοδαιμονίας : τα βαθύτερα αίτια της διάσπασης του ΚΚΕ 1918-1968 : επίσημα κείμενα και προσωπικές εμπειρίες
Αποθηκεύτηκε σε:
| Κύριος συγγραφέας: | |
|---|---|
| Μορφή: | Βιβλίο |
| Γλώσσα: | Greek |
| Δημοσίευση: |
Αθήνα :
1974
|
| Θέματα: | |
| Ετικέτες: |
Προσθήκη ετικέτας
Δεν υπάρχουν, Καταχωρήστε ετικέτα πρώτοι!
|
MARC
| LEADER | 00000cam a2200000 i 4500 | ||
|---|---|---|---|
| 001 | 1/30237 | ||
| 008 | 060526s1974 gre d | ||
| 035 | |l 10084098 | ||
| 040 | |a GR-MY-UA |b gre |e aacr | ||
| 041 | 0 | |a gre | |
| 082 | 0 | |a 320.9495 |2 (22) | |
| 100 | 1 | |a Νεφελούδης, Παύλος. | |
| 245 | 1 | 0 | |a Στις πηγές της κακοδαιμονίας : |b τα βαθύτερα αίτια της διάσπασης του ΚΚΕ 1918-1968 : επίσημα κείμενα και προσωπικές εμπειρίες / |c Παύλου Νεφελούδη |
| 260 | |a Αθήνα : |c 1974 | ||
| 300 | |a 376 σ.; |c 22 εκ. | ||
| 610 | 2 | 0 | |a Κομμουνιστικό Κόμμα Ελλάδας. |
| 650 | 0 | 0 | |a Communism |z Greece. |
| 852 | |a INST |b LESVOS |e 20060526 |h 320.9495 ΝΕΦ |p 005100035055 |q 005100035055 |t BK |y 0 | ||
| 901 | |a BIBL1-2006-2 | ||
| 909 | |a Λ |b 124087 | ||
| 970 | |a ΚΑΡΑ |b ΓΙΑΣΕΜΗ |z 2006/05/26 | ||